Modern American English phrasal verbs and idioms (Запись № 9587737)

Подробности
000 -МАРКЕР
контрольное поле 02270nam0a2200349 i 4500
001 - ИДЕНТИФИКАТОР ЗАПИСИ
контрольное поле RU\NLR\BIBL_A\010666576
005 - ИДЕНТИФИКАТОР ВЕРСИИ
контрольное поле 20260409065603.0
010 ## - МЕЖДУНАРОДНЫЙ СТАНДАРТНЫЙ НОМЕР КНИГИ (ISBN)
Номер (ISBN) 9785904029494
Тираж 500
021 ## - НОМЕР ГОСУДАРСТВЕННОЙ РЕГИСТРАЦИИ
Код страны Российская Федерация
Номер 2014-92848
Номер Листа государственной регистраци 5642
035 ## - ДРУГИЕ СИСТЕМНЫЕ НОМЕРА
Идентификатор записи (NLR Aleph) 010666576
100 ## - ДАННЫЕ ОБЩЕЙ ОБРАБОТКИ
Данные общей обработки 20150205d2014 m y0rusy50 ba
101 0# - ЯЗЫК РЕСУРСА
Язык текста, звукозаписи и т.д. русский
-- английский
102 ## - СТРАНА ПУБЛИКАЦИИ ИЛИ ПРОИЗВОДСТВА
Страна публикации Российская Федерация
105 ## - ПОЛЕ КОДИРОВАННЫХ ДАННЫХ: ТЕКСТОВЫЕ МАТЕРИАЛЫ, МОНОГРАФИЧЕСКИЕ
Кодированные данные о монографическом текстовом документе y j 000yy
200 1# - ЗАГЛАВИЕ И СВЕДЕНИЯ ОБ ОТВЕТСТВЕННОСТИ
Основное заглавие Modern American English phrasal verbs and idioms
Сведения, относящиеся к заглавию практика перевода фразеологических единиц
-- учебное пособие по переводу
Первые сведения об ответственности Федер. гос. образоват. бюджет. учреждение высш. проф. образования Поволж. гос. ун-т телекоммуникаций и информатики
Последующие сведения об ответственности сост.: д.филол.н. Абрамов В.Е.
Язык параллельного заглавия английский
210 ## - ПУБЛИКАЦИЯ, РАСПРОСТРАНЕНИЕ И ДР.
Место издания, распространения и т.д. Самара
Имя издателя, распространителя и т. д. УИНЛ ПГУТИ
Дата издания, распространения и т.д. 2014
215 ## - ФИЗИЧЕСКАЯ ХАРАКТЕРИСТИКА
Специфическое обозначение материала и объем 75 с.
Размеры 20
320 ## - ПРИМЕЧАНИЯ О НАЛИЧИИ В ДОКУМЕНТЕ БИБЛИОГРАФИИ / УКАЗАТЕЛЯ
Текст примечания Библиогр.: с. 74
517 1# - ДРУГИЕ ВАРИАНТЫ ЗАГЛАВИЯ
Вариант заглавия Практика перевода фразеологических единиц
606 ## - НАИМЕНОВАНИЕ ТЕМЫ КАК ПРЕДМЕТ
Наименование темы Английский язык
Формальный подзаголовок Учебные издания для высших учебных заведений
Тематический подзаголовок Фразовые глаголы
Системный номер авторитетной/нормативной записи 972682
Идентификатор авторитетной/нормативной записи RU\NLR\AUTH\6646226
606 1# - НАИМЕНОВАНИЕ ТЕМЫ КАК ПРЕДМЕТ
Наименование темы Английский язык
Формальный подзаголовок Учебные издания для высших учебных заведений
Тематический подзаголовок Фразеология
Системный номер авторитетной/нормативной записи 972520
Идентификатор авторитетной/нормативной записи RU\NLR\AUTH\6646138
606 ## - НАИМЕНОВАНИЕ ТЕМЫ КАК ПРЕДМЕТ
Наименование темы Английский язык
Тематический подзаголовок Национальные варианты
Географический подзаголовок Соединенные Штаты Америки
Формальный подзаголовок Учебные издания для высших учебных заведений
Идентификатор авторитетной/нормативной записи RU\NLR\AUTH\6645287
Системный номер авторитетной/нормативной записи 970863
686 1# - ИНДЕКСЫ ДРУГИХ КЛАССИФИКАЦИЙ
Индекс Ш143.21-93рус3-212.6
686 1# - ИНДЕКСЫ ДРУГИХ КЛАССИФИКАЦИЙ
Индекс Ш143.21-93рус3-33
686 1# - ИНДЕКСЫ ДРУГИХ КЛАССИФИКАЦИЙ
Индекс Ш143.21-93рус3-54
702 #1 - ИМЯ ЛИЦА - ВТОРИЧНАЯ ОТВЕТСТВЕННОСТЬ
Код отношения Составитель
Материалы, к которым относится поле rus
Графика поля Кириллица
Начальный элемент ввода Абрамов
Часть имени, кроме начального элемента ввода В. Е.
Дополнения к именам, кроме дат д-р филол. наук
Даты 1951-
Расширение инициалов личного имени Владимир Евгеньевич
Идентификатор авторитетной/нормативной записи RU\NLR\AUTH\77117230
Системный номер авторитетной/нормативной записи 100155
712 02 - НАИМЕНОВАНИЕ ОРГАНИЗАЦИИ - ВТОРИЧНАЯ ОТВЕТСТВЕННОСТЬ
Код отношения Прочие
Начальный элемент ввода Поволжский государственный университет телекоммуникаций и информатики
Идентифицирующий признак Самара
Идентификатор авторитетной/нормативной записи RU\NLR\AUTH\8810154647
Системный номер авторитетной/нормативной записи 804579
942 ## - ДОПОЛНИТЕЛЬНЫЕ ЭЛЕМЕНТЫ ЗАПИСИ (АБИС)
Тип экземпляра АБИС Книга
980 ## - КОЛЛЕКЦИЯ
Название коллекции НБР

Нет доступных экземпляров.